000 00826nam a22002897a 4500
001 9160
003 FISKH
005 20251126101542.0
008 251126b cb ||||| |||| 00| 0 eng d
020 _a9780736882071
040 _aFISKH
_beng
_cFISKH
_dFISKH
050 _aQL568.A6 C589
082 _a595.79
100 _aCoughlan, Cheryl
_eAuthor
245 _aBumble bees /
_cby Cheryl Coughlan
260 _aMinnesota :
_bCapstone Press ,
_c1998
300 _a24 pages :
_bcolor illustrations ;
_c18 cm
490 _aPebble books :
_vInsects
505 _aC
520 _aSimple text and photographs present the color and body parts of bumblebees.
521 8 _a140
_bLexile
521 8 _aC
_bRaz-Plus
650 _aNon-fiction
_vAnimals
650 _aInsects
_vBees
942 _2ddc
_cBK
_n0
999 _c9160
_d9160